Rozsypanka literowa - Państwa Europy - Statystyki

Ogólne statystyki
  • Ten quiz został rozwiązany 12 336 razy
  • Średni wynik to 14 z 20
Statystyki odpowiedzi
Państwo % Poprawnych
Łotwa
90%
Watykan
89%
Malta
83%
Niemcy
83%
Szwecja
82%
Litwa
81%
Rumunia
81%
Francja
80%
Norwegia
80%
Portugalia
80%
Białoruś
78%
Hiszpania
78%
Węgry
78%
Albania
77%
Grecja
76%
Andora
75%
Belgia
73%
Bułgaria
73%
Włochy
73%
Bośnia i Hercegowina
71%
Islandia
71%
Polska
71%
Słowacja
71%
Holandia
70%
Czarnogóra
69%
Liechtenstein
69%
Szwajcaria
68%
Czechy
67%
Mołdawia
67%
Austria
66%
Luksemburg
66%
Rosja
66%
San Marino
66%
Serbia
65%
Kosowo
64%
Słowenia
60%
Dania
59%
Finlandia
59%
Irlandia
59%
Estonia
58%
Chorwacja
48%
Ukraina
48%
Macedonia Północna
47%
Monako
44%
Wielka Brytania
39%
Nie znaleziono quizów pasujących do podanych kryteriów
Rozkład punktacji
Procent ludzi z każdym wynikiem
Percentyl według liczby udzielonych odpowiedzi
Twoja historia wyników
Nie rozwiązałeś tego quizu